| 000 | 00795nam a2200229 i 4500 | ||
|---|---|---|---|
| 001 | bg | ||
| 245 | 0 | 0 |
_aNowa encyklopedia powszechna PWN / _c[red. prowadzący Dariusz Kalisiewicz ; aut., konsultanci, recenzenci Aleksander Achmatowicz et al.]. _nT. 6, _pS-Z. |
| 260 |
_aWarszawa : _bWydaw. Naukowe PWN, _c1996. |
||
| 300 |
_a1100, [4] s. : _bil. (gł. kolor.), faks., fot., mapy, nuty, 1 pl., portr., rys., wykr. ; _c30 cm. |
||
| 650 | 9 | _aEncyklopedia | |
| 700 | 1 |
_aKALISIEWICZ, Dariusz. _eRed. |
|
| 700 | 1 | _aACHMATOWICZ, Aleksader. | |
| 020 | _a8301119691 (t. 6) | ||
| 020 | _a830111097X (6 t.) | ||
| 040 | _cBPK | ||
| 041 | 0 | _apl | |
| 080 | _a0/9(03) | ||
| 920 | _a83-01-11969-1 (t. 6) | ||
| 920 | _a83-01-11097-X (6 t.) | ||
| 942 | _cKS | ||
| 008 | s pl f |000 0 pol | ||
| 999 |
_c31293 _d31293 |
||
| 856 |
_uhttp://koha.tu.koszalin.pl/cgi-bin/koha/opac-detail.pl?biblionumber=31293 _yKatalog online BPK |
||